000 00402nam a2200169Ia 4500
100 _aDougherty/Geoff
650 _aimage processing
942 _cBK
366 _f25
654 _aimage processing
245 _aDigital image processing for medical applications
260 _bCambride University press
_c2009
082 _a621.367
_bDOU
300 _a447
546 _aENGLISH
_cTTL
999 _c30903
_d30903